Mawar kembang berduri

Bibliographic Details
Main Author: D'rifai Harahap
Format: Book
Published: Shah Alam : Marwillis , 1989
Subjects:

MARC

LEADER 00000cam a2200000 7i4500
001 0000006548
002 000007063
005 20000330.0
020 |a 9838310573 
090 0 0 |a F   |b DRI 
100 0 |a D'rifai Harahap 
245 1 0 |a Mawar kembang berduri   |c D'rifai Harahap 
260 |a Shah Alam :   |b Marwillis ,   |c 1989 
300 |a 126 p. ;   |c 18 cm. 
650 0 0 |a General fiction, Malay 
999 |a 023419   |b BUKU   |c PINJAMAN   |e PERPUSTAKAAN KOMUNITI PETALING JAYA 
999 |a 038418   |b BUKU   |c PINJAMAN   |e PERPUSTAKAAN KOMUNITI PETALING JAYA